[Event "Ukhta-ch"]
[Site "Ukhta"]
[Date "2012.12.22"]
[Round "8"]
[White "Volkov, Sergei E"]
[Black "Ivanov, Gleb E"]
[Result "1-0"]
[WhiteElo "2030"]
[BlackElo "1992"]
[PlyCount "57"]
[EventDate "2012.11.27"]
[EventType "tourn"]
[EventRounds "11"]
[EventCountry "RUS"]
[SourceTitle "EXT 2014"]
[Source "ChessBase"]
[SourceDate "2013.11.20"]
[SourceVersion "1"]
[SourceVersionDate "2013.11.20"]
[SourceQuality "1"]

1. d4 Nf6 2. c4 e6 3. Nf3 b6 4. a3 Bb7 5. Nc3 d6 6. Qc2 c5 7. e4 cxd4 8. Nxd4 Be7 9. Be2 0-0 10. 0-0 Nbd7 11. b3 Rc8 12. Re1 a6 13. Bb2 Qc7 14. Rad1 Rfe8 15. f4 d5 16. e5 Ne4 17. Nxe4 dxe4 18. b4 g5 19. f5 Nxe5 20. fxe6 f6 21. Rc1 Rcd8 22. Qb3 Rf8 23. Nf5 Nd3 24. Bxd3 exd3 25. Rcd1 d2 26. Re2 b5 27. Qg3 Bd6 28. Qxg5+ fxg5 29. Nh6# 1-0

[Event "Ukhta-ch"]
[Site "Ukhta"]
[Date "2012.12.09"]
[Round "5"]
[White "Vasilev, Peter"]
[Black "Volkov, Sergei E"]
[Result "0-1"]
[WhiteElo "1949"]
[BlackElo "2030"]
[PlyCount "134"]
[EventDate "2012.11.27"]
[EventType "tourn"]
[EventRounds "11"]
[EventCountry "RUS"]
[SourceTitle "EXT 2014"]
[Source "ChessBase"]
[SourceDate "2013.11.20"]
[SourceVersion "1"]
[SourceVersionDate "2013.11.20"]
[SourceQuality "1"]

1. Nf3 d5 2. g3 Bg4 3. Bg2 Nd7 4. d4 e6 5. Nbd2 Ngf6 6. 0-0 Bd6 7. c4 c6 8. b3 0-0 9. Bb2 Qc7 10. Qc2 Rac8 11. Rac1 Qb8 12. e4 e5 13. dxe5 Nxe5 14. Nxe5 Bxe5 15. h3 Be6 16. Rfe1 dxe4 17. Bxe5 Qxe5 18. Nxe4 Bf5 19. Nxf6+ Qxf6 20. Qe2 Be6 21. Qe5 Qxe5 22. Rxe5 Rcd8 23. Rc2 Rd1+ 24. Kh2 Rfd8 25. g4 g6 26. Bf3 R1d2 27. Re2 R2d4 28. Kg3 Kg7 29. Re5 Kf6 30. Rce2 a6 31. h4 h6 32. R5e4 Rd2 33. Rf4+ Ke7 34. Rfe4 R8d3 35. R4e3 Kd6 36. a3 Kc5 37. Rxd2 Rxd2 38. Be2 Kd4 39. g5 hxg5 40. hxg5 Ra2 41. Rd3+ Kc5 42. b4+ Kxc4 43. Re3+ Kd4 44. Kf4 Rd2 45. f3 Kd5 46. Bd3 Kd6 47. Be4 b6 48. Rc3 Bd5 49. Bd3 a5 50. bxa5 bxa5 51. Ke3 Rg2 52. Kf4 Rf2 53. Bb1 Rf1 54. Be4 Bxe4 55. Kxe4 Re1+ 56. Kd4 Rg1 57. f4 Rd1+ 58. Ke4 c5 59. Rc4 Kc6 60. Ke5 Rd6 61. Ke4 Kb5 62. Rc3 c4 63. f5 gxf5+ 64. Kxf5 Rd3 65. Rc1 c3 66. Rb1+ Kc4 67. Rb7 Rd5+ 0-1

[Event "Ukhta-ch"]
[Site "Ukhta"]
[Date "2010.11.22"]
[Round "7"]
[White "Rikkinen, Stanislav"]
[Black "Volkov, Sergei E"]
[Result "1-0"]
[WhiteElo "2118"]
[BlackElo "2213"]
[PlyCount "83"]
[EventDate "2010.11.04"]
[EventType "tourn"]
[EventRounds "13"]
[EventCountry "RUS"]
[SourceTitle "EXT 2022"]
[Source "ChessBase"]
[SourceDate "2021.10.06"]
[SourceVersion "1"]
[SourceVersionDate "2021.10.06"]
[SourceQuality "1"]

1. d4 Nf6 2. Bg5 Ne4 3. Bh4 g5 4. Qd3 d5 5. f3 gxh4 6. fxe4 Bg7 7. c3 0-0 8. Nf3 c5 9. dxc5 e6 10. Nbd2 b6 11. c6 Ba6 12. Qc2 Nxc6 13. Qa4 Bb7 14. exd5 Qxd5 15. 0-0-0 Rac8 16. Kb1 Rfd8 17. Qxh4 b5 18. Rc1 a5 19. e3 Rd7 20. c4 bxc4 21. Bxc4 Qf5+ 22. e4 Qg6 23. Bb5 Rdc7 24. a3 Bf6 25. Qf4 e5 26. Qe3 Nd4 27. Rxc7 Rxc7 28. Bd3 Bg7 29. Nxd4 exd4 30. Qf4 Re7 31. Qb8+ Bf8 32. Re1 Ba6 33. Bxa6 Qxa6 34. Qg3+ Bg7 35. e5 Rb7 36. Re4 Qb5 37. b3 Kf8 38. e6 fxe6 39. Qd6+ Re7 40. Kc2 d3+ 41. Qxd3 Rc7+ 42. Nc4 1-0

[Event "Ukhta-ch"]
[Site "Ukhta"]
[Date "2010.11.04"]
[Round "1"]
[White "Solovyev, Anton"]
[Black "Volkov, Sergei E"]
[Result "1/2-1/2"]
[WhiteElo "2074"]
[BlackElo "2213"]
[PlyCount "42"]
[EventDate "2010.11.04"]
[EventType "tourn"]
[EventRounds "13"]
[EventCountry "RUS"]
[SourceTitle "EXT 2022"]
[Source "ChessBase"]
[SourceDate "2021.10.06"]
[SourceVersion "1"]
[SourceVersionDate "2021.10.06"]
[SourceQuality "1"]

1. e4 d5 2. exd5 Qxd5 3. Nc3 Qd6 4. d4 Nf6 5. Nf3 a6 6. Be2 Bg4 7. h3 Bh5 8. g4 Bg6 9. Ne5 Nc6 10. Nxc6 Qxc6 11. Bf3 Qb6 12. g5 Nd7 13. Nd5 Qe6+ 14. Kf1 0-0-0 15. Kg2 Qf5 16. c4 e6 17. Nc3 Qc2 18. Qxc2 Bxc2 19. Be3 Nb6 20. Rac1 Bf5 21. Ne4 Kb8 1/2-1/2

[Event "Ukhta Spring"]
[Site "Ukhta"]
[Date "2010.04.05"]
[Round "3"]
[White "Vokuev, Anatoliy"]
[Black "Volkov, Sergei E"]
[Result "1-0"]
[WhiteElo "1817"]
[BlackElo "2046"]
[PlyCount "45"]
[EventDate "2010.04.17"]
[EventType "tourn"]
[EventRounds "11"]
[EventCountry "RUS"]
[SourceTitle "EXT 2013"]
[Source "ChessBase"]
[SourceDate "2012.11.22"]
[SourceVersion "1"]
[SourceVersionDate "2012.11.22"]
[SourceQuality "1"]

1. Nf3 c5 2. g3 Nc6 3. Bg2 d5 4. 0-0 e5 5. d3 Bd6 6. e4 d4 7. Nbd2 Nge7 8. Nc4 Bc7 9. a4 f6 10. Nh4 Na5 11. b3 Be6 12. f4 Qd7 13. Nxa5 Bxa5 14. fxe5 0-0-0 15. exf6 gxf6 16. Rxf6 Rdf8 17. Qf3 Rxf6 18. Qxf6 Rg8 19. Bf4 Nc6 20. Rf1 h5 21. Qh6 Qe8 22. Nf5 Bxf5 23. exf5 1-0

[Event "Vladimir op-B"]
[Site "Vladimir"]
[Date "2009.08.26"]
[Round "7"]
[White "Aparin, Mihail"]
[Black "Volkov, Sergei E"]
[Result "1-0"]
[WhiteElo "1921"]
[BlackElo "2054"]
[PlyCount "27"]
[EventDate "2009.08.19"]
[EventType "swiss"]
[EventRounds "9"]
[EventCountry "RUS"]
[SourceTitle "EXT 2012"]
[Source "ChessBase"]
[SourceDate "2011.11.24"]
[SourceVersion "1"]
[SourceVersionDate "2011.11.24"]
[SourceQuality "1"]

1. e4 c5 2. Nf3 d6 3. d4 cxd4 4. Nxd4 Nf6 5. Nc3 a6 6. Be2 e5 7. Nf5 d5 8. Bg5 d4 9. Bc4 Bxf5 10. Bxf6 gxf6 11. exf5 dxc3 12. Bxf7+ Ke7 13. Bd5 cxb2 14. Rb1 1-0

[Event "HUN-chT2 Maroczy 0809"]
[Site "Hungary"]
[Date "2009.01.11"]
[Round "5"]
[White "Pregun, Balint"]
[Black "Volkov, Sergei E"]
[Result "0-1"]
[WhiteElo "1585"]
[BlackElo "2089"]
[PlyCount "70"]
[EventDate "2008.10.26"]
[EventType "team-tourn"]
[EventRounds "11"]
[EventCountry "HUN"]
[SourceTitle "EXT 2010"]
[Source "ChessBase"]
[SourceDate "2010.11.25"]
[SourceVersion "1"]
[SourceVersionDate "2010.11.25"]
[SourceQuality "1"]
[WhiteTeam "MLTC II"]
[BlackTeam "Munkacs"]
[WhiteTeamCountry "HUN"]
[BlackTeamCountry "HUN"]

1. e4 e5 2. Nf3 Nc6 3. Bc4 Bc5 4. Nc3 Nf6 5. d3 d6 6. h3 a6 7. a3 Ne7 8. Bg5 Ng6 9. Ne2 h6 10. Be3 Bxe3 11. fxe3 0-0 12. 0-0 c6 13. Ng3 Qb6 14. Qd2 d5 15. exd5 cxd5 16. Bb3 Be6 17. Kh1 Rac8 18. Rae1 Qc7 19. Qf2 b5 20. Nd2 Qc6 21. Nf5 Bxf5 22. Qxf5 a5 23. c3 a4 24. Bd1 e4 25. d4 Ne7 26. Qe5 Qd7 27. Qg3 Rc6 28. Be2 Rb6 29. Qf2 Nh7 30. Qg3 f5 31. Rf4 Kh8 32. Ref1 g5 33. R4f2 Re6 34. Bg4 Ref6 35. Be2 f4 0-1